• 首页
  • 本馆介绍
  • 公告通知
  • 最新文献
  • 馆藏检索
  • 电子资源
  • 读者导购
  • 参考咨询
  • 我的图书馆
  • 登录
  • 详细信息显示
  • 放入我的书架
  • 预约/预借图书
  • 作者相关作品
  • 分类相关作品
  • 丛书相关作品
  • 出版社相关作品

书目信息

  • 表格格式
  • 工作单格式
  • 卡片格式
题名:
老薛小画
    
 
作者: 薛继业 绘
分册:   玩物养知
出版信息: 济南   山东文艺出版社  2018
页数: 195页
开本: 19cm
丛书名:
单 册:
中图分类: I267.1 , J222.7
科图分类:
主题词: 随笔--作品集--中国--当代 , 水墨画--作品集--中国--现代
电子资源:
ISBN: 978-7-5329-5614-2
000 00835nam0 2200253 450
001 012001007026
005 20130301114935.0
010    @a978-7-5329-5614-2@b精装@dCNY48.00
100    @a20180811d2018 em y0chiy50 ea
101 0  @achi
102    @aCN@b370000
105    @aa z 000cy
106    @ar
200 1  @a老薛小画@9lao xue xiao hua@i玩物养知@b专著@f薛继业绘著
210    @a济南@c山东文艺出版社@d2018
215    @a195页@d19cm
330    @a本书是画家薛继业的随行水墨随笔作品集,内容包括白石老人、草虫画趣、果蔬小物、花鸟春秋、美了蛤、缱绻狸奴、下酒物等,表现有滋有味的世俗生活。
606 0  @a随笔@x作品集@y中国@z当代
606 0  @a水墨画@x作品集@y中国@z现代
690    @aI267.1@v5
690    @aJ222.7@v5
701  0 @a薛继业@9xue ji ye@4绘@4著
801  2 @aCN@b上海新华@c20191020
905    @b1132714-7@dI267.1@e3478@f4
    
    老薛小画.玩物养知/薛继业绘著.-济南:山东文艺出版社,2018
    195页;19cm
    
    
    ISBN 978-7-5329-5614-2(精装):CNY48.00
    本书是画家薛继业的随行水墨随笔作品集,内容包括白石老人、草虫画趣、果蔬小物、花鸟春秋、美了蛤、缱绻狸奴、下酒物等,表现有滋有味的世俗生活。
●
相关链接 在E读中查询图书 在五车中查询图书 在当当中查询图书 在豆瓣中查询图书


正题名:老薛小画     索取号:I267.1/3478         预约/预借

序号 登录号 条形码 馆藏地/架位号 状态 备注
1 1132714   211327143   第一样本阅览室/ [索取号:I267.1/3478] 在馆    
2 1132715   211327152   第二借阅区/ [索取号:I267.1/3478] 在馆    
3 1132716   211327161   第二借阅区/ [索取号:I267.1/3478] 在馆    
4 1132717   211327170   第二借阅区/ [索取号:I267.1/3478] 在馆    
唐山师范学院图书馆 欢迎您!
大连网信软件有限公司© 版权所有